The amazing days of Abby Hayes : (Record no. 8169)

MARC details
000 -LEADER
fixed length control field 01131nam a22002897a 4500
001 - CONTROL NUMBER
control field 8169
003 - CONTROL NUMBER IDENTIFIER
control field FISKH
005 - DATE AND TIME OF LATEST TRANSACTION
control field 20250901092935.0
008 - FIXED-LENGTH DATA ELEMENTS--GENERAL INFORMATION
fixed length control field 250901b cb ||||| |||| 00| 0 eng d
020 ## - INTERNATIONAL STANDARD BOOK NUMBER
International Standard Book Number 9780439178815
040 ## - CATALOGING SOURCE
Original cataloging agency FISKH
Language of cataloging eng
Transcribing agency FISKH
Modifying agency FISKH
050 ## - LIBRARY OF CONGRESS CALL NUMBER
Classification number PZ7.M47396 S
082 ## - DEWEY DECIMAL CLASSIFICATION NUMBER
Classification number 176
100 ## - MAIN ENTRY--PERSONAL NAME
Personal name Mazer, Anne
Dates associated with a name (1953-)
245 ## - TITLE STATEMENT
Title The amazing days of Abby Hayes :
Remainder of title Look before you leap! /
Statement of responsibility, etc. Anne Mazer
250 ## - EDITION STATEMENT
Edition statement This edition first published in 2001
260 ## - PUBLICATION, DISTRIBUTION, ETC.
Place of publication, distribution, etc. New York :
Name of publisher, distributor, etc. Scholastic,
Date of publication, distribution, etc. 2001
300 ## - PHYSICAL DESCRIPTION
Extent 137 pages :
Dimensions 20 cm
505 ## - FORMATTED CONTENTS NOTE
Formatted contents note J<br/>
520 ## - SUMMARY, ETC.
Summary, etc. "It's summer, and Abby Hayes has nothing to do. So it's the perfect time to get a pet! Abby is sure that she can handle the responsibility. But things don't go as planned, and by the time she adopts a kitten, Abby's summer has taken a turn for the better. She has a new friend at camp and a contest to win. Can she keep up with her kitten, too?"--Cover.<br/>
521 8# - TARGET AUDIENCE NOTE
Target audience note 460<br/>
Source Lexile<br/>
521 8# - TARGET AUDIENCE NOTE
Target audience note J<br/>
Source Raz-Plus<br/>
650 ## - SUBJECT ADDED ENTRY--TOPICAL TERM
Source of heading or term Abby Hayes
Topical term or geographic name entry element Realistic
650 ## - SUBJECT ADDED ENTRY--TOPICAL TERM
Source of heading or term Purple bookshelf
Topical term or geographic name entry element Amenta
942 ## - ADDED ENTRY ELEMENTS (KOHA)
Source of classification or shelving scheme Dewey Decimal Classification
Koha item type Books
Suppress in OPAC No
Holdings
Withdrawn status Lost status Source of classification or shelving scheme Damaged status Not for loan Collection Home library Current library Shelving location Date acquired Total Checkouts Full call number Barcode Date last seen Date last checked out Copy number Price effective from Koha item type
    Dewey Decimal Classification     Juvenile Fiction Footprints International School Library Network Toul Tom Poung Campus Footprints International School Library Network Toul Tom Poung Campus TTP Primary Dark Blue Bookshelves 09/01/2025 1 MAZ 176 PZ7.M47396 S FIS00475 03/11/2026 03/11/2026 1 09/01/2025 Books